| 000 | 00380nam a2200145Ia 4500 | ||
|---|---|---|---|
| 008 | 230917s9999||||xx |||||||||||||| ||und|| | ||
| 040 |
_e80816 _aMAIN |
||
| 041 | _aEnglish | ||
| 082 | _a342.7 E89T | ||
| 100 | _aEhrlich, Walter | ||
| 245 | 4 | _aThe have no rights: Dred Scott's struggle for freedom | |
| 260 |
_aWestport _bGreenwood _c1979 |
||
| 300 | _axvi, 266 p. | ||
| 942 | _cBK | ||
| 999 |
_c203664 _d203664 |
||